000 00482nam a2200193Ia 4500
005 20240823031014.0
008 240823s9999||||xx |||||||||||||| ||und||
020 _a978-81-315-1271-5
041 _aENGLISH
082 _A006.6 P9
100 _aPeter Shirley et al.
245 0 _aComputer Graphics
250 _a1st
260 _c2009
_bCengage Learning
_aNew Delhi
500 _aTRANSFERED
650 _aComputer Graphics
_bComputer Science
942 _cBK
999 _c190048
_d190048